| 000 | 00703nam a2200229Ia 4500 | ||
|---|---|---|---|
| 003 | GCL | ||
| 008 | 140319s9999 xx 000 0 ara d | ||
| 040 |
_aGCL / _cGCL |
||
| 082 | 0 | 4 |
_a956.609 _bم.د |
| 100 | 1 | _aمحمود امهز | |
| 245 | 1 | 0 |
_aدراسات حول جنوب لبنان / _cمحمود امهز |
| 700 | 1 | _aطارق شهاب | |
| 700 | 1 | _aاحمد بعلبكى | |
| 260 |
_a[S.N] : _bالمجلس الثقافى للبنان الجنوبى ، _c1981 |
||
| 490 | _a | ||
| 650 | 0 | 4 | _aالعصر الحديث |
| 650 | 0 | 4 | _aتاريخ |
| 650 | 0 | 4 | _aالنزاع العربى الاسرائيلى |
| 650 | 0 | 4 | _aلبنان |
| 650 | 0 | 4 | _aالحرب الاهلية |
| 942 |
_2ddc _cBK |
||
| 999 |
_c50291 _d50291 |
||